The Political Economy of Global Agriculture: Effects on Agriculture, Farmers, Consumers and Economic Growth
Vplyvy politickej ekonomiky na poľnohospodárstvo, poľnohospodárov, blahobyt spotrebiteľov a hospodársky rast. Údaje o ukazovateľoch zhromaždených z FAO, Svetovej banky, MMF, UNDES, WEF, OECD, CGIAR. Odhad miery rastu, index poľnohospodárskej orientácie (AOI) a štatistická analýza.
Salvato in:
| Autore principale: | |
|---|---|
| Altri autori: | |
| Natura: | Capitolo di libro |
| Lingua: | inglese |
| Soggetti: | |
| Tags: |
Nessun Tag, puoi essere il primo ad aggiungerne!!
|
MARC
| LEADER | 00000nla a2200000 4500 | ||
|---|---|---|---|
| 001 | 0243802 | ||
| 005 | 20220803170653.6 | ||
| 041 | 0 | |a eng | |
| 044 | |a MK | ||
| 245 | 1 | 0 | |a The Political Economy of Global Agriculture: Effects on Agriculture, Farmers, Consumers and Economic Growth |c M. B. Dastagiri, Anjani Sneha Vajrala |
| 520 | |a Vplyvy politickej ekonomiky na poľnohospodárstvo, poľnohospodárov, blahobyt spotrebiteľov a hospodársky rast. Údaje o ukazovateľoch zhromaždených z FAO, Svetovej banky, MMF, UNDES, WEF, OECD, CGIAR. Odhad miery rastu, index poľnohospodárskej orientácie (AOI) a štatistická analýza. | ||
| 610 | 2 | 0 | |a poľnohospodárstvo |
| 610 | 2 | 0 | |a porovnanie medzinárodné |
| 610 | 2 | 0 | |a hospodárstvo svetové |
| 610 | 2 | 0 | |a ekonómia medzinárodná |
| 610 | 2 | 0 | |a organizácie medzinárodné |
| 610 | 2 | 0 | |a spotrebitelia |
| 610 | 2 | 0 | |a politika medzinárodná |
| 610 | 2 | 0 | |a politika hospodárska |
| 100 | 1 | |a Dastagiri, M. B. | |
| 700 | 1 | |a Vajrala, Anjani Sneha | |